| 000 | 01493cam a2200457 i 4500 | ||
|---|---|---|---|
| 001 | xx004343213 | ||
| 003 | NUKAT | ||
| 005 | 20260325130144.0 | ||
| 008 | 180612s2017 pl a g |000 0 pol c | ||
| 020 |
_a9788365826091 _q(oprawa miękka) |
||
| 035 | _a(OCoLC)1043041083 | ||
| 035 | _a(NUKAT)xx004343213 | ||
| 040 |
_aWŁ 004/BŻ _bpol _erda _cWŁ 004/BŻs _dWŁ 004/KK _dOLSZT 008/bak |
||
| 045 | 2 |
_b1996 _b2016 |
|
| 046 | _k2017 | ||
| 245 | 0 | 0 | _aDwadzieścia lat działalności Instytutu Kaszubskiego (1996-2016). |
| 260 |
_aGdańsk : _bInstytut Kaszubski, _c2017. |
||
| 300 |
_a112 stron : _bilustracje ; _c20x20 cm. |
||
| 336 |
_aTekst _btxt _2rdacontent |
||
| 337 |
_aBez urządzenia pośredniczącego _bn _2rdamedia |
||
| 338 |
_aWolumin _bnc _2rdacarrier |
||
| 380 | _aKsiążki | ||
| 380 | _aPublikacje promocyjne | ||
| 388 | 1 | _a2001- | |
| 610 | 2 | 7 |
_aInstytut Kaszubski _2DBN _938942 |
| 648 | 7 |
_a1901-2000 _2DBN _934996 |
|
| 648 | 7 |
_a1989-2000 _2DBN _936156 |
|
| 648 | 7 |
_a2001- _2DBN _936393 |
|
| 650 | 7 |
_aKaszubi _2DBN _936343 |
|
| 650 | 7 |
_aOrganizacje naukowe _2DBN _938943 |
|
| 650 | 7 |
_aRegionalizm _2DBN _938944 |
|
| 651 | 7 |
_aKaszuby _2DBN _937663 |
|
| 651 | 7 |
_aPomorze _2DBN _936214 |
|
| 655 | 7 |
_aOpracowanie _2DBN _935024 |
|
| 655 | 7 |
_aPublikacja okolicznościowa _2DBN _936813 |
|
| 658 | _aHistoria | ||
| 658 | _aNauka i badania | ||
| 710 | 2 |
_aInstytut Kaszubski (Gdańsk). _eWydawca _4pbl _913050 |
|
| 920 | _a978-83-65826-09-1 (oprawa miękka) | ||
| 942 |
_2ddc _cBK_NM |
||
| 999 |
_c27263 _d27263 |
||